: People and rangelands : building the future : (Record no. 35216)

MARC details
000 -LEADER
fixed length control field 00493nam a22001577a 4500
003 - CONTROL NUMBER IDENTIFIER
control field OSt
005 - DATE AND TIME OF LATEST TRANSACTION
control field 20220419134409.0
008 - FIXED-LENGTH DATA ELEMENTS--GENERAL INFORMATION
fixed length control field 220419b |||||||| |||| 00| 0 eng d
020 ## - INTERNATIONAL STANDARD BOOK NUMBER
International Standard Book Number 0957739419
040 ## - CATALOGING SOURCE
Transcribing agency HU
082 ## - DEWEY DECIMAL CLASSIFICATION NUMBER
Classification number 333.74 PEO 1999
245 ## - TITLE STATEMENT
Title : People and rangelands : building the future :
Remainder of title proceedings of the VI International Rangeland Congress
260 ## - PUBLICATION, DISTRIBUTION, ETC.
Place of publication, distribution, etc. Aitkenvale, Qld. :
Name of publisher, distributor, etc. VI International Rangeland Congress,
Date of publication, distribution, etc. 1999.
300 ## - PHYSICAL DESCRIPTION
Extent 554 p
Dimensions 30 cm
942 ## - ADDED ENTRY ELEMENTS (KOHA)
Source of classification or shelving scheme Dewey Decimal Classification
Koha item type Books like text book referance book
Suppress in OPAC No
Holdings
Withdrawn status Lost status Source of classification or shelving scheme Damaged status Not for loan Collection code Home library Current library Shelving location Date acquired Total Checkouts Full call number Barcode Date last seen Copy number Price effective from Koha item type
    Dewey Decimal Classification     Reference Wondo Genet Library Wondo Genet Library General Stacks 04/19/2022   333.74 PEO 1999 WGCFNRL00019772 04/19/2022 1 04/19/2022 Books like text book referance book